Documentación

Salvato in:
Dettagli Bibliografici
Natura: testo
Pubblicazione: Madrid: M.A.P.A.
Soggetti:
Tags: Aggiungi Tag
Nessun Tag, puoi essere il primo ad aggiungerne!!

MARC

LEADER 00000 a a2200000 04500
001 28923
003
040 |a CRAI/IIS  |c CRAI/IIS 
090 |a 148721  
245 |a Documentación  
260 |a Madrid:   |b M.A.P.A.  
300 |a p. irreg.; vol 2  
650 |a POLITICA AGRARIA  
650 |a MODELOS ECONOMICOS  
650 |a DESARROLLO RURAL  
999 |c 1937  |d 1937